| 000 | 00366nam a2200145Ia 4500 | ||
|---|---|---|---|
| 008 | 191201s2007 xx 000 0 und d | ||
| 082 |
_a005.43 _bDAU |
||
| 100 | _aDAS, Sumitabha | ||
| 245 | 0 | _aUNIX Concepts and Applications | |
| 250 | _a3rd | ||
| 260 |
_aN.Delhi _bTata Mc Graw Hill Pub. Co. Ltd _c2007 |
||
| 300 | _a673 | ||
| 650 | _aB.Tech(CSE) | ||
| 942 |
_2ddc _cBK |
||
| 999 |
_c1116 _d1116 |
||